Most Popular US Sports With An Empty Map - Statistics

General Stats
  • This quiz has been taken 376 times
  • The average score is 43 of 50
Answers on the Map
Answers color-coded by a green-red scale on the quiz's map according to % correct below.
 
Answer Stats
State Sport % Correct
Alabama Football
99%
Arizona Football
99%
Arkansas Football
99%
California Football
99%
Florida Football
99%
Hawaii Football
99%
Iowa Football
99%
Kansas Football
99%
Louisiana Football
99%
Maryland Football
99%
Michigan Football
99%
Mississippi Football
99%
Montana Football
99%
Nebraska Football
99%
Ohio Football
99%
Oklahoma Football
99%
Pennsylvania Football
99%
Tennessee Football
99%
Texas Football
99%
West Virginia Football
99%
Illinois Baseball
98%
Massachusetts Baseball
98%
Missouri Baseball
98%
Nevada Baseball
98%
New York Baseball
98%
South Carolina Baseball
98%
Washington Baseball
98%
Wisconsin Baseball
98%
Colorado Basketball
97%
Connecticut Basketball
97%
Delaware Basketball
97%
Indiana Basketball
97%
Kentucky Basketball
97%
North Carolina Basketball
97%
North Dakota Basketball
97%
Utah Basketball
97%
New Jersey Ice Hockey
89%
Georgia Soccer
89%
Maine Soccer
89%
New Mexico Soccer
89%
Rhode Island Tennis
56%
Alaska Skiing
46%
Idaho Skiing
46%
New Hampshire Skiing
46%
South Dakota Skiing
46%
Vermont Skiing
46%
Minnesota Track and Field
45%
Oregon Track and Field
45%
Virginia Motorsport
26%
Wyoming Rodeo
26%
No matching quizzes found
Score Distribution
Percent of People with Each Score
Percentile by Number Answered
Your Score History
You have not taken this quiz